Score 0/16 Timer 03:00
0 Plays Today
% Correct
Argentina
98.6%
Brazil
98.6%
Italy
96.3%
France
94.1%
West Germany
94.1%
Mexico
94.1%
Spain
94.1%
Peru
92.7%
% Correct
Netherlands
92.5%
Sweden
89.5%
Scotland
87.7%
Poland
86.5%
Austria
82%
Iran
79.9%
Hungary
77.2%
Tunisia
73.3%
Remove Ads.
Support Sporcle.
Get the best of Sporcle when you Go Orange. This ad-free experience offers more features, more stats, and more fun while also helping to support Sporcle. Thank you for becoming a member.

You're not logged in!

Compare scores with friends on all Sporcle quizzes.
OR
Log In

Sporcle TV

Today on Sporcle TV


Watch our educational content, quiz creation guides, and fun videos on Sporcle TV.

Show Comments

Extras

Top Quizzes Today


Score Distribution

Paid Content

Your Account Isn't Verified!

In order to create a playlist on Sporcle, you need to verify the email address you used during registration. Go to your Sporcle Settings to finish the process.

Report this User

Report this user for behavior that violates our Community Guidelines.

Details: